5HLuxD.jpg

KING HENRY VIII SENIOR AND PRIMARY SCHOOL LIBRARY OPAC

HABITATS (Record no. 4396)

000 -LEADER
fixed length control field 00302nam a22001217a 4500
008 - FIXED-LENGTH DATA ELEMENTS--GENERAL INFORMATION
fixed length control field 250214b ||||| |||| 00| 0 eng d
020 ## - INTERNATIONAL STANDARD BOOK NUMBER
International Standard Book Number 9781912171361
082 ## - DEWEY DECIMAL CLASSIFICATION NUMBER
Classification number 591.7
100 ## - MAIN ENTRY--PERSONAL NAME
Personal name BRUNDLE,HARRIET
Relator term AUTHOR
245 ## - TITLE STATEMENT
Title HABITATS
260 ## - PUBLICATION, DISTRIBUTION, ETC.
Place of publication, distribution, etc. KING;S LYNN
Name of publisher, distributor, etc. THE SECRET BOOK COMPANY
Date of publication, distribution, etc. 2019
942 ## - ADDED ENTRY ELEMENTS (KOHA)
Source of classification or shelving scheme
Holdings
Withdrawn status Lost status Source of classification or shelving scheme Damaged status Not for loan Collection code Permanent Location Current Location Shelving location Date acquired Total Checkouts Full call number Barcode Date last seen Date last checked out Price effective from Koha item type Public note
          Non-Fiction KH8 Primary School Library KH8 Primary School Library Non Fiction 2025-02-14 9 591.7 BRU KHPL000006149 2026-03-17 2026-03-04 2025-02-14 Books - Non Ficton KH8 PRIMARY LIBRARY

Powered By KH8 IT Dept